[Event "Madrid-ch Previa-B"]
[Site "Madrid"]
[Date "2009.11.27"]
[Round "8"]
[White "Gallardo Perez, Jesus"]
[Black "Marcos Herrero, Francisco"]
[Result "1-0"]
[WhiteElo "1832"]
[BlackElo "1851"]
[PlyCount "91"]
[EventDate "2009.11.05"]
[EventType "swiss"]
[EventRounds "9"]
[EventCountry "ESP"]
[SourceTitle "CBM 133 Extra"]
[Source "ChessBase"]
[SourceDate "2010.01.05"]
[SourceVersion "1"]
[SourceVersionDate "2010.01.05"]
[SourceQuality "1"]

1. c4 Nf6 2. Nc3 g6 3. Nf3 Bg7 4. e4 d6 5. Be2 c5 6. 0-0 Nc6 7. d4 cxd4 8. Nxd4 0-0 9. Be3 a6 10. Nxc6 bxc6 11. f3 Qa5 12. a3 c5 13. Qc2 Be6 14. b4 cxb4 15. axb4 Qc7 16. Ra3 Rfc8 17. Nd5 Bxd5 18. exd5 Nxd5 19. Qe4 Nxe3 20. Qxe3 e6 21. Qd2 Rcb8 22. Rb1 a5 23. Qa2 Qb6+ 24. Kf1 Bd4 25. Bd3 Qc7 26. g3 Kg7 27. Rxa5 Rxa5 28. Qxa5 Bb6 29. Qa2 Rb7 30. Qb2+ e5 31. Qb3 Bd4 32. Be4 Ra7 33. Bd5 h5 34. b5 Qb6 35. Kg2 Rc7 36. Rc1 Qa7 37. Rc2 Qa1 38. Qd3 g5 39. Kh3 Ra7 40. Qf5 f6 41. Qe6 Qf1+ 42. Rg2 Qc1 43. Qg8+ Kh6 44. Be4 g4+ 45. fxg4 Qg5 46. Qh8+ 1-0

[Event "Benidorm op U2000 07th"]
[Site "Benidorm"]
[Date "2008.12.01"]
[Round "3"]
[White "Fardbehbahani, Behnam"]
[Black "Gallardo Perez, Jesus"]
[Result "1-0"]
[WhiteElo "1979"]
[BlackElo "1875"]
[PlyCount "77"]
[EventDate "2008.11.29"]
[EventType "swiss"]
[EventRounds "9"]
[EventCountry "ESP"]
[SourceTitle "CBM 127 Extra"]
[Source "ChessBase"]
[SourceDate "2009.01.08"]
[SourceVersion "2"]
[SourceVersionDate "2009.01.28"]
[SourceQuality "1"]

1. d4 d5 2. c4 c6 3. cxd5 cxd5 4. Nf3 Nf6 5. g3 Nc6 6. Bg2 e6 7. 0-0 Be7 8. Nc3 0-0 9. Bg5 h6 10. Bf4 a6 11. Rc1 Bd7 12. a3 Rc8 13. Qd3 Na5 14. Ne5 b5 15. Rc2 Nc4 16. Rfc1 g5 17. Bd2 Bd6 18. Nf3 a5 19. Nb1 Ne4 20. Be1 b4 21. axb4 axb4 22. b3 Na3 23. Rxc8 Bxc8 24. Nxa3 bxa3 25. b4 a2 26. Qa3 Qe7 27. Ne5 Bb7 28. Qxa2 Ra8 29. Qb2 Ra4 30. Nd3 Ba6 31. Nc5 Bxc5 32. dxc5 Bc4 33. Bxe4 Ra2 34. Qc3 Qa7 35. Bd3 Ra3 36. Qd4 Bxd3 37. exd3 Qa6 38. Bc3 Rb3 39. Qg7# 1-0